00733nam a22002171a 450000100060000000300080000600500170001400800390003103500190007003500200008904000390010904100080014808200210015610000330017724501120021026000480032230000520037050400200042265000210044270000520046320666BD-RjUL20211209000608.0140302r19561932nyu 001 p eng a(BD-RjUL)20728 a(OCoLC)21350379 aDLCcGMarKdOClWdKyFkASdDLCbeng aeng a821.07bSWS 19561 aSwift, Jonathan,d1667-1745.10aSatires and personal writings /cJonathan Swift, edited with introduction and notes by William Alfred Eddy. aNew York :bOxford university press,c1956. axxxii, 499 p. :bill., front. (port.) ;c19 cm. aIncludes index. aSatire, English.1 aEddy, William A.q(William Alfred),d1896-eed.